Bridge Program- An Effective Tool for Transition of Students from Pre-University to University (Record no. 232043)

MARC details
000 -LEADER
fixed length control field 00419nam a2200133Ia 4500
008 - FIXED-LENGTH DATA ELEMENTS--GENERAL INFORMATION
fixed length control field 231221s9999 xx 000 0 und d
041 ## - LANGUAGE CODE
Language code of text/sound track or separate title English
082 ## - DEWEY DECIMAL CLASSIFICATION NUMBER
Classification number JNMBA14-948
100 ## - MAIN ENTRY--PERSONAL NAME
Personal name Balaji Singh B N. Rajkumar M. Shailesh G.
245 #0 - TITLE STATEMENT
Title Bridge Program- An Effective Tool for Transition of Students from Pre-University to University
260 ## - PUBLICATION, DISTRIBUTION, ETC.
Date of publication, distribution, etc. 2014
650 ## - SUBJECT ADDED ENTRY--TOPICAL TERM
Topical term or geographic name entry element Bridge,Program-,Tool,Transition
942 ## - ADDED ENTRY ELEMENTS (KOHA)
Koha item type Institutional repository
Holdings
Date last seen Total checkouts Full call number Accession number Uniform resource identifier Price effective from Category Lost status Damaged status Department Withdrawn status Home library Current library Shelving location Entry date Grants Currency symbol Conversion rate Discount Old discount
26/01/2024   JNMBA14-948 IR948 digital/ir/IR948.pdf 26/01/2024 Institutional repository     MBA   Central Library Central Library Central Library   MBA RS 1    

© For any Suggestions or Query, please contact the library staff @ librarian@pes.edu or Phone: +9180 2672 1983/ 2108.